• 首页
  • 本馆介绍
  • 公告通知
  • 最新文献
  • 馆藏检索
  • 电子资源
  • 读者导购
  • 参考咨询
  • 我的图书馆
  • 登录
  • 详细信息显示
  • 放入我的书架
  • 预约/预借图书
  • 作者相关作品
  • 分类相关作品
  • 丛书相关作品
  • 出版社相关作品

书目信息

  • 表格格式
  • 工作单格式
  • 卡片格式
题名:
儿童文学剧本选
    
 
作者: 冰心 , 熊塞声 主编
分册: 上  
出版信息: 北京   人民文学出版社  1979
页数: 410页
开本: 20cm
丛书名:
单 册:
中图分类: I287.3
科图分类:
主题词: 儿童剧--中国--1949~1979--选集
电子资源:
ISBN:
000 00669nam0 2200241 45
001 0179006833
005 20040408143658.9
010    @dCNY2.00
091    @a10019.2740
100    @a19950721d1979 am y0chiy0121 ea
101 0  @achi
102    @aCN@b110000
105    @ay z 000fy
106    @ar
200 10 @a儿童文学剧本选@h上@Aer tong wen xue ju ben xuan@e1949-1979@f冰心,熊塞声主编
210    @a北京@c人民文学出版社@d1979
215    @a410页@d20cm
606    @a儿童剧@y中国@z1949~1979@x选集
690    @aI287.3@v3
701  0 @a冰心@Abing xin@4主编
701  0 @a熊塞声@Axiong sai sheng@4主编
801  0 @aCN@bNLC@c20040408
905    @f1@b19653@dI287.3@e25:1
    
    儿童文学剧本选.上:1949-1979/冰心,熊塞声主编.-北京:人民文学出版社,1979
    410页;20cm
    
    
    ISBN :CNY2.00
    
●
相关链接 在E读中查询图书 在五车中查询图书 在当当中查询图书 在豆瓣中查询图书


正题名:儿童文学剧本选     索取号:I287.3/25:1         预约/预借

序号 登录号 条形码 馆藏地/架位号 状态 备注
1 0019653   000890502   第一样本阅览室/ [索取号:I287.3/25:1] 在馆    
唐山师范学院图书馆 欢迎您!
大连网信软件有限公司© 版权所有